[Event "Bialystok Zamenhof Memorial-C 35th"]
[Site "Bialystok"]
[Date "2017.12.27"]
[Round "1.10"]
[White "Bobras, Jan"]
[Black "Kiolbasa, Damian"]
[Result "0-1"]
[WhiteElo "1619"]
[BlackElo "1901"]
[PlyCount "66"]
[EventDate "2017.12.27"]
[EventType "swiss"]
[EventRounds "9"]
[EventCountry "POL"]
[SourceTitle "EXT 2023"]
[Source "ChessBase"]
[SourceDate "2022.10.05"]
[SourceVersion "1"]
[SourceVersionDate "2022.10.05"]
[SourceQuality "1"]

1. e4 d5 2. exd5 Qxd5 3. Nc3 Qd6 4. Nf3 Nf6 5. d4 a6 6. h3 b5 7. a3 Bb7 8. Bd3 Nbd7 9. Be3 e6 10. Qe2 Be7 11. Bg5 c5 12. Ne4 Qc6 13. Nxf6+ Nxf6 14. dxc5 Qxc5 15. Be3 Qc6 16. Bg5 h6 17. Bxf6 Bxf6 18. c3 Bxc3+ 19. Kf1 Ba5 20. b4 Bb6 21. Re1 0-0-0 22. Be4 Qxe4 23. Qxe4 Bxe4 24. Rxe4 Rd3 25. Ne5 Rxa3 26. g3 Rd8 27. Kg2 Rd2 28. Rc1+ Kb7 29. Rf4 f5 30. g4 g5 31. gxf5 gxf4 32. fxe6 Rxf2+ 33. Kh1 Rxh3+ 0-1

[Event "Bialystok Zamenhof Memorial-C 35th"]
[Site "Bialystok"]
[Date "2017.12.27"]
[Round "2.4"]
[White "Budnik, Mateusz"]
[Black "Bobras, Jan"]
[Result "1-0"]
[WhiteElo "1962"]
[BlackElo "1619"]
[PlyCount "92"]
[EventDate "2017.12.27"]
[EventType "swiss"]
[EventRounds "9"]
[EventCountry "POL"]
[SourceTitle "EXT 2023"]
[Source "ChessBase"]
[SourceDate "2022.10.05"]
[SourceVersion "1"]
[SourceVersionDate "2022.10.05"]
[SourceQuality "1"]

1. e4 c5 2. Nf3 d6 3. d4 Nf6 4. Nc3 cxd4 5. Nxd4 a6 6. h3 g6 7. Be3 Bd7 8. Qd2 Bg7 9. f3 0-0 10. g4 Nc6 11. 0-0-0 Nxd4 12. Bxd4 Qc7 13. Bxf6 Bxf6 14. Nd5 Qc5 15. Nxf6+ exf6 16. Qxd6 Qe3+ 17. Qd2 Qxd2+ 18. Rxd2 Bc6 19. Bc4 Rac8 20. Bd5 Rc7 21. Rhd1 Rfc8 22. Bxc6 Rxc6 23. Rd8+ Rxd8 24. Rxd8+ Kg7 25. Rd7 b5 26. c3 f5 27. exf5 gxf5 28. Kd2 Kg6 29. gxf5+ Kg7 30. Ke3 Rh6 31. Ra7 Rb6 32. Kd4 Rf6 33. Ke5 Rc6 34. Rd7 Rc5+ 35. Kf4 Rc4+ 36. Rd4 Rc6 37. h4 h5 38. Kg5 Rc5 39. Kxh5 Rxf5+ 40. Kg4 Rf6 41. b3 Rg6+ 42. Kf4 Rg2 43. a4 Rc2 44. axb5 axb5 45. Rb4 Rxc3 46. Rxb5 Rd3 1-0

[Event "Bialystok Bieluczyk Memorial 5th"]
[Site "Bialystok"]
[Date "2013.??.??"]
[Round "4"]
[White "Bobras, Jan"]
[Black "Kondrusik, Aleksander"]
[Result "1-0"]
[WhiteElo "1636"]
[BlackElo "1559"]
[PlyCount "95"]
[EventDate "2013.06.29"]
[EventType "swiss"]
[EventRounds "9"]
[EventCountry "POL"]
[SourceTitle "CBM 155 Extra"]
[Source "ChessBase"]
[SourceDate "2013.08.26"]
[SourceVersion "1"]
[SourceVersionDate "2013.08.26"]
[SourceQuality "1"]

1. d4 Nf6 2. c4 e6 3. Nc3 d5 4. Bg5 Be7 5. Nf3 h6 6. Bxf6 Bxf6 7. e3 0-0 8. cxd5 exd5 9. Be2 b6 10. 0-0 Re8 11. Qb3 Be6 12. Qc2 Re7 13. Rac1 c6 14. a4 Rc7 15. Rfd1 a6 16. e4 dxe4 17. Nxe4 Be7 18. Nc3 Raa7 19. Qe4 Nd7 20. Ne5 Nf6 21. Qf3 Qe8 22. Ne4 Bd5 23. Nxf6+ Bxf6 24. Qg3 c5 25. Ng4 Bg5 26. Rc2 Qxa4 27. Rc3 Re7 28. Ne3 Bxe3 29. fxe3 c4 30. Rd2 b5 31. Qd6 Be4 32. Ra3 Red7 33. Qb8+ Kh7 34. Rxa4 bxa4 35. Qb4 Bc6 36. Qxc4 Bb5 37. Qc2+ g6 38. Bxb5 axb5 39. e4 Rac7 40. Qd3 Rc4 41. e5 Rdc7 42. g3 Kg7 43. d5 b4 44. d6 Rc1+ 45. Kg2 Rd7 46. Qb5 b3 47. Qxd7 Rc2 48. Rf2 1-0

[Event "Bialystok Bieluczyk Memorial 5th"]
[Site "Bialystok"]
[Date "2013.??.??"]
[Round "1"]
[White "Budrewicz, Krzysztof"]
[Black "Bobras, Jan"]
[Result "1-0"]
[WhiteElo "2215"]
[BlackElo "1636"]
[PlyCount "65"]
[EventDate "2013.06.29"]
[EventType "swiss"]
[EventRounds "9"]
[EventCountry "POL"]
[SourceTitle "CBM 155 Extra"]
[Source "ChessBase"]
[SourceDate "2013.08.26"]
[SourceVersion "1"]
[SourceVersionDate "2013.08.26"]
[SourceQuality "1"]

1. d4 Nf6 2. c4 d5 3. cxd5 Nxd5 4. e4 Nb6 5. Nc3 e6 6. Be3 c6 7. Nf3 Bb4 8. Bd3 0-0 9. 0-0 Be7 10. Qe2 N8d7 11. Rfd1 Nf6 12. Rac1 Ng4 13. Bf4 Nf6 14. Bb1 Nbd7 15. d5 exd5 16. exd5 Re8 17. Qc2 g6 18. Nb5 Ne5 19. Nxe5 cxb5 20. d6 Bxd6 21. Nxf7 Kxf7 22. Rxd6 Qe7 23. Rdd1 Kg7 24. Qd2 Be6 25. Rc7 Bd7 26. Bg5 Rad8 27. h3 h6 28. Bxh6+ Kg8 29. Qg5 Bf5 30. Rxe7 Rxd1+ 31. Kh2 Rxb1 32. Qxf6 Rxe7 33. Qxe7 1-0

[Event "Bialystok Bieluczyk Memorial 5th"]
[Site "Bialystok"]
[Date "2013.??.??"]
[Round "6"]
[White "Ocytko, Michal"]
[Black "Bobras, Jan"]
[Result "0-1"]
[WhiteElo "1278"]
[BlackElo "1636"]
[PlyCount "110"]
[EventDate "2013.06.29"]
[EventType "swiss"]
[EventRounds "9"]
[EventCountry "POL"]
[SourceTitle "CBM 155 Extra"]
[Source "ChessBase"]
[SourceDate "2013.08.26"]
[SourceVersion "1"]
[SourceVersionDate "2013.08.26"]
[SourceQuality "1"]

1. d4 d5 2. Nf3 Nf6 3. g3 g6 4. Bg2 Bg7 5. c3 0-0 6. 0-0 Nbd7 7. Re1 c6 8. Nbd2 Qc7 9. e4 dxe4 10. Nxe4 Nxe4 11. Rxe4 Nf6 12. Re1 Bg4 13. Qe2 Rfe8 14. Qc2 Bf5 15. Qe2 Bg4 16. Qe5 Qb6 17. Qc5 Qxc5 18. dxc5 Rad8 19. Bg5 h6 20. Be3 Nd5 21. Bd4 Bxf3 22. Bxf3 Bxd4 23. cxd4 Nb4 24. Red1 Nc2 25. Rac1 Nxd4 26. Kg2 Nxf3 27. Rxd8 Rxd8 28. Kxf3 Rd2 29. Rc3 Rxb2 30. Rb3 Rxb3+ 31. axb3 f6 32. Ke4 Kf7 33. f4 Ke6 34. h4 h5 35. b4 a6 36. Kf3 f5 37. Ke3 Kd5 38. Kd3 e6 39. Kc3 Ke4 40. Kc4 e5 41. fxe5 Kxe5 42. Kd3 Kd5 43. Ke3 Kc4 44. Kf4 Kxb4 45. Kg5 a5 46. Kxg6 a4 47. Kxh5 a3 48. Kg5 a2 49. Kxf5 a1Q 50. h5 Qg7 51. g4 Kxc5 52. g5 Kd6 53. h6 Qf7+ 54. Kg4 Qg6 55. Kf4 b5 0-1

[Event "Bialystok Zamenhof Memorial"]
[Site "Bialystok"]
[Date "2011.12.28"]
[Round "3"]
[White "Bobras, Jan"]
[Black "Jaskiewicz, Kamila"]
[Result "0-1"]
[WhiteElo "1659"]
[BlackElo "1663"]
[PlyCount "141"]
[EventDate "2011.12.27"]
[EventType "swiss"]
[EventRounds "9"]
[EventCountry "POL"]
[SourceTitle "CBM 146 Extra"]
[Source "ChessBase"]
[SourceDate "2012.02.29"]
[SourceVersion "1"]
[SourceVersionDate "2012.02.29"]
[SourceQuality "1"]

1. e4 c5 2. Nf3 e6 3. Nc3 a6 4. d4 cxd4 5. Nxd4 Qc7 6. g3 b5 7. Bg2 Bb7 8. a3 Nf6 9. 0-0 Nc6 10. Nxc6 dxc6 11. Bf4 Qb6 12. Bg5 Nd7 13. Kh1 Bc5 14. Bd2 0-0 15. f4 Nf6 16. Qe2 Rad8 17. Rae1 a5 18. e5 Nd5 19. Ne4 Be7 20. f5 exf5 21. Rxf5 b4 22. axb4 axb4 23. Ng5 h6 24. Ne4 c5 25. h4 Bc8 26. Rf2 Qe6 27. c4 bxc3 28. Nxc3 Nb4 29. Rf3 Bb7 30. Ne4 Bxe4 31. Bxb4 Bxf3 32. Bxf3 cxb4 33. Kh2 Qd7 34. Qe4 Qd4 35. e6 Qxe4 36. exf7+ Rxf7 37. Bxe4 Rf2+ 38. Kh3 Rxb2 39. Bg6 Bf6 40. h5 Rbd2 41. Re3 Rb8 42. Rb3 Rb2 43. Rd3 b3 44. Rd7 Rf2 45. Rd1 b2 46. Re1 Rf3 47. Kg4 Rc3 48. Kh3 Rc1 49. Re2 b1Q 50. Bxb1 Rbxb1 51. Re3 Rc3 52. Re8+ Kf7 53. Ra8 Rbb3 54. Ra7+ Be7 55. Kg4 Rxg3+ 56. Kf4 Rgc3 57. Ke5 Rb4 58. Ra5 Rc5+ 59. Rxc5 Bxc5 60. Kd5 Be7 61. Ke5 Rb5+ 62. Kf4 Ke6 63. Ke4 Rb4+ 64. Kf3 Bc5 65. Ke2 Rb3 66. Kd2 Kd5 67. Kc2 Ra3 68. Kd2 Ke4 69. Kc1 Kd3 70. Kb1 Kc3 71. Kc1 0-1

[Event "Bialystok qual-B"]
[Site "Bialystok"]
[Date "2011.05.??"]
[Round "8"]
[White "Daciuk, Jaroslaw"]
[Black "Bobras, Jan"]
[Result "1/2-1/2"]
[WhiteElo "1627"]
[BlackElo "1649"]
[PlyCount "122"]
[EventDate "2011.05.??"]
[EventType "swiss"]
[EventRounds "9"]
[EventCountry "POL"]
[SourceTitle "EXT 2014"]
[Source "ChessBase"]
[SourceDate "2013.11.20"]
[SourceVersion "1"]
[SourceVersionDate "2013.11.20"]
[SourceQuality "1"]

1. c4 c6 2. Nf3 Nf6 3. Nc3 d5 4. e3 e6 5. d4 Nbd7 6. Bd3 dxc4 7. Bxc4 Be7 8. Qc2 h6 9. 0-0 0-0 10. a3 a5 11. b3 b5 12. Bd3 Bb7 13. Rd1 b4 14. axb4 axb4 15. Rxa8 Qxa8 16. Na4 Rc8 17. Qe2 c5 18. Bb2 Bc6 19. Ra1 Qb7 20. Ba6 Bxf3 21. gxf3 Qc7 22. Bxc8 Qxc8 23. dxc5 Qc6 24. e4 Nh5 25. Qc4 e5 26. Qxb4 Nf4 27. Kh1 Nh3 28. Qd2 Qf6 29. Qe2 Nxc5 30. Nxc5 Bxc5 31. Rf1 Qg6 32. Qc2 Qh5 33. Qe2 Kh7 34. Bc1 Be7 35. Re1 Bg5 36. Bxg5 Nxg5 37. Rg1 Ne6 38. Rg3 f6 39. b4 Qe8 40. Qc4 g5 41. b5 Qd7 42. Rg1 Nd4 43. b6 Kg6 44. Rg3 Nc6 45. b7 Qxb7 46. Qg8+ Qg7 47. Qe8+ Qf7 48. Qxc6 h5 49. h4 Kh7 50. hxg5 fxg5 51. Qd5 Qf4 52. Qd7+ Kh8 53. Qe6 Kg7 54. Qe7+ Kg6 55. Kg2 h4 56. Rg4 h3+ 57. Kxh3 Qxf3+ 58. Kh2 Qxf2+ 59. Rg2 Qh4+ 60. Kg1 Qe1+ 61. Kh2 Qh4+ 1/2-1/2

[Event "Bialystok Zamenhof Memorial-B"]
[Site "Bialystok"]
[Date "2010.12.??"]
[Round "4"]
[White "Bobras, Jan"]
[Black "Murawko, Katarzyna"]
[Result "0-1"]
[WhiteElo "1716"]
[BlackElo "1767"]
[PlyCount "103"]
[EventDate "2010.12.27"]
[EventType "swiss"]
[EventRounds "9"]
[EventCountry "POL"]
[SourceTitle "EXT 2014"]
[Source "ChessBase"]
[SourceDate "2013.11.20"]
[SourceVersion "1"]
[SourceVersionDate "2013.11.20"]
[SourceQuality "1"]

1. e4 c5 2. Nf3 d6 3. d4 cxd4 4. Nxd4 Nf6 5. Nc3 a6 6. a4 e5 7. Nf3 Be6 8. Ng5 Bg4 9. Be2 Bxe2 10. Qxe2 Be7 11. 0-0 Nc6 12. Nf3 Rc8 13. Rd1 h6 14. Nd5 Nxd5 15. Rxd5 Qc7 16. Bd2 0-0 17. Bc3 Rfd8 18. Nd2 Bg5 19. Nb3 Ne7 20. Rd3 b6 21. Rad1 Ng6 22. g3 Be7 23. Qg4 Qb7 24. h4 Rc4 25. f3 Rdc8 26. a5 b5 27. h5 Nf8 28. Bd2 Kh8 29. c3 Nd7 30. Qf5 Nf6 31. g4 Qd7 32. Qxd7 Nxd7 33. Kg2 Nf8 34. Be3 Ne6 35. Kg3 Rb8 36. Rxd6 Bxd6 37. Rxd6 Ra8 38. Rd5 f6 39. Rd6 Nd8 40. Nc5 b4 41. cxb4 Rxb4 42. Nd3 Rb3 43. Bb6 Nf7 44. Rd7 Ng5 45. Be3 Ne6 46. Rd5 Rab8 47. Bb6 Rc8 48. Nc5 Nxc5 49. Rxc5 Rxc5 50. Bxc5 Rxb2 51. Bf2 Kg8 52. Ba7 0-1

[Event "Bialystok Zamenhof Memorial-B"]
[Site "Bialystok"]
[Date "2010.12.??"]
[Round "7"]
[White "Bobras, Jan"]
[Black "Szydlowski, Wiktor"]
[Result "0-1"]
[WhiteElo "1716"]
[BlackElo "1865"]
[PlyCount "150"]
[EventDate "2010.12.27"]
[EventType "swiss"]
[EventRounds "9"]
[EventCountry "POL"]
[SourceTitle "EXT 2014"]
[Source "ChessBase"]
[SourceDate "2013.11.20"]
[SourceVersion "1"]
[SourceVersionDate "2013.11.20"]
[SourceQuality "1"]

1. e4 e5 2. Nf3 Nc6 3. d4 exd4 4. Nxd4 Qh4 5. Nxc6 Qxe4+ 6. Be3 Qxc6 7. Nd2 Bc5 8. Bxc5 Qxc5 9. Qg4 Qe5+ 10. Be2 Nh6 11. Qb4 d6 12. 0-0-0 0-0 13. Bd3 Be6 14. Kb1 a5 15. Qh4 Nf5 16. Qh5 g6 17. Qe2 Qg7 18. c3 Rfe8 19. Qf1 a4 20. a3 b5 21. h4 h5 22. Ne4 Bb3 23. Rc1 c6 24. g4 hxg4 25. h5 Bd5 26. Re1 Bxe4 27. Bxe4 d5 28. Bxf5 gxf5 29. Qd3 Re4 30. Reg1 Kh8 31. f3 Rf4 32. fxg4 Rxg4 33. Rf1 f4 34. Qf5 Qh7 35. Qxh7+ Kxh7 36. Re1 f3 37. Rhf1 Rf4 38. Re3 f5 39. Re6 f2 40. Kc1 Rg8 41. Kd2 Rg1 42. Ke2 Re4+ 43. Rxe4 dxe4 44. Rxf2 Rg5 45. Rh2 Kh6 46. Ke3 Rxh5 47. Rd2 Kg5 48. c4 Rh3+ 49. Kd4 e3 50. Re2 f4 51. cxb5 cxb5 52. Rg2+ Kf5 53. Rc2 Kg4 54. Ke4 Kg3 55. b4 axb3 56. Rb2 Rh2 57. Rxb3 Rh8 58. Kd3 Rh2 59. Ke4 Kg4 60. Rb4 Ra2 61. Rb1 Kg3 62. Rb3 Kf2 63. Kxf4 e2 64. Rf3+ Ke1 65. Rd3 Rd2 66. Rb3 Kd1 67. Kf3 Kc2 68. Re3 Kd1 69. Rb3 Kc1 70. Re3 Kd1 71. Rb3 Rd8 72. Rb1+ Kc2 73. Re1 Rf8+ 74. Ke3 Re8+ 75. Kf3 Kd2 0-1

[Event "Bialystok Zamenhof Memorial-B"]
[Site "Bialystok"]
[Date "2010.12.??"]
[Round "6"]
[White "Filimoniuk, Marcin"]
[Black "Bobras, Jan"]
[Result "1-0"]
[WhiteElo "1779"]
[BlackElo "1716"]
[PlyCount "113"]
[EventDate "2010.12.27"]
[EventType "swiss"]
[EventRounds "9"]
[EventCountry "POL"]
[SourceTitle "EXT 2014"]
[Source "ChessBase"]
[SourceDate "2013.11.20"]
[SourceVersion "1"]
[SourceVersionDate "2013.11.20"]
[SourceQuality "1"]

1. d4 d5 2. Nf3 Nf6 3. Bf4 e6 4. e3 Bd6 5. Bg3 a6 6. Be2 Bb4+ 7. Nbd2 Ne4 8. a3 Nxg3 9. hxg3 Be7 10. c4 c6 11. Qc2 h6 12. Rc1 Nd7 13. e4 dxe4 14. Nxe4 Nf6 15. Neg5 Ng4 16. Nh3 Nf6 17. Rd1 Nd7 18. Nf4 Bf6 19. Qe4 Qa5+ 20. Kf1 e5 21. Nh5 Qc7 22. Nxf6+ Nxf6 23. Qxe5+ Qxe5 24. Nxe5 Bf5 25. g4 Be6 26. g5 Nd7 27. Nxd7 Bxd7 28. f4 0-0-0 29. gxh6 gxh6 30. Kf2 Rde8 31. Bf3 Bf5 32. Rh5 Be4 33. Bg4+ Kc7 34. Re5 Rxe5 35. dxe5 h5 36. Rd7+ Kb8 37. Bh3 Rf8 38. Ke3 Bc2 39. f5 Ka7 40. Kf4 Bb3 41. Rd4 c5 42. Re4 Rd8 43. e6 fxe6 44. fxe6 Rd4 45. e7 Rxe4+ 46. Kxe4 Ba4 47. Kd5 Kb6 48. Kd6 Be8 49. Bd7 Bg6 50. e8Q Bxe8 51. Bxe8 h4 52. Bd7 h3 53. gxh3 Ka5 54. Kxc5 b5 55. cxb5 axb5 56. b4+ Ka4 57. h4 1-0

[Event "Bialystok Zamenhof Memorial-B"]
[Site "Bialystok"]
[Date "2010.12.??"]
[Round "9"]
[White "Grabarczyk, Edmund"]
[Black "Bobras, Jan"]
[Result "1/2-1/2"]
[WhiteElo "1593"]
[BlackElo "1716"]
[PlyCount "108"]
[EventDate "2010.12.27"]
[EventType "swiss"]
[EventRounds "9"]
[EventCountry "POL"]
[SourceTitle "EXT 2014"]
[Source "ChessBase"]
[SourceDate "2013.11.20"]
[SourceVersion "1"]
[SourceVersionDate "2013.11.20"]
[SourceQuality "1"]

1. e4 e5 2. Nf3 Nc6 3. g3 g6 4. d4 exd4 5. Nxd4 Bg7 6. Nxc6 bxc6 7. c3 d6 8. Bg2 Ne7 9. 0-0 0-0 10. f4 f5 11. e5 d5 12. Be3 Be6 13. Bc5 Re8 14. Qa4 Qd7 15. Nd2 Nc8 16. Nf3 Nb6 17. Qc2 Bf8 18. Bf2 h6 19. b3 a5 20. Rad1 a4 21. c4 axb3 22. axb3 Qf7 23. c5 Nd7 24. b4 Reb8 25. Rb1 Rb5 26. Nd4 Rb7 27. Nxc6 Nb8 28. Nd4 c6 29. Rb2 Rc7 30. Ra2 Na6 31. Be1 Rca7 32. Nxc6 Nxb4 33. Nxb4 Rxa2 34. Nxa2 Qa7 35. Nc1 Bxc5+ 36. Kh1 Rc8 37. Qd2 Be3 38. Qd3 Rxc1 39. Bxd5 Bxd5+ 40. Qxd5+ Kh7 41. e6 Rc7 42. Bb4 Bc5 43. Bxc5 Qxc5 44. Qxc5 Rxc5 45. e7 Rc8 46. Rd1 Re8 47. Rd7 Kg7 48. Kg2 Kf7 49. Kf3 h5 50. h3 Rxe7 51. Rxe7+ Kxe7 52. g4 fxg4+ 53. hxg4 hxg4+ 54. Kxg4 g5 1/2-1/2

[Event "Bialystok op-B"]
[Site "Bialystok"]
[Date "2010.11.??"]
[Round "5"]
[White "Bobras, Jan"]
[Black "Bernacki, Gabriel"]
[Result "0-1"]
[WhiteElo "1716"]
[BlackElo "1890"]
[PlyCount "78"]
[EventDate "2010.11.??"]
[EventType "swiss"]
[EventRounds "9"]
[EventCountry "POL"]
[SourceTitle "EXT 2014"]
[Source "ChessBase"]
[SourceDate "2013.11.20"]
[SourceVersion "1"]
[SourceVersionDate "2013.11.20"]
[SourceQuality "1"]

1. e4 e6 2. d4 d5 3. Nd2 c5 4. Bb5+ Bd7 5. Bxd7+ Nxd7 6. exd5 exd5 7. Ne2 Ngf6 8. 0-0 Be7 9. Ng3 0-0 10. Nf5 Re8 11. Nxe7+ Qxe7 12. Nf3 c4 13. c3 b5 14. h3 a5 15. Re1 Qd6 16. Be3 b4 17. Qc1 Ne4 18. Nd2 Nf8 19. Nxe4 Rxe4 20. Qd2 Ng6 21. f3 Re6 22. Bf2 Rxe1+ 23. Rxe1 f6 24. g3 bxc3 25. bxc3 a4 26. Qe3 Kf7 27. f4 Qd7 28. Kg2 Re8 29. Qf3 Rxe1 30. Bxe1 Qf5 31. h4 Qc2+ 32. Qf2 Qe4+ 33. Kh2 Ne7 34. Qd2 Nf5 35. Bf2 Qb1 36. g4 Nd6 37. Be1 Ne4 38. Qe2 a3 39. Kh3 Qd3+ 0-1

[Event "Bialystok qual"]
[Site "Bialystok"]
[Date "2009.11.07"]
[Round "8"]
[White "Bobras, Jan"]
[Black "Chilkiewicz, Piotr"]
[Result "0-1"]
[WhiteElo "1753"]
[BlackElo "1622"]
[PlyCount "140"]
[EventDate "2009.11.07"]
[EventType "swiss"]
[EventRounds "9"]
[EventCountry "POL"]
[SourceTitle "EXT 2012"]
[Source "ChessBase"]
[SourceDate "2011.11.24"]
[SourceVersion "1"]
[SourceVersionDate "2011.11.24"]
[SourceQuality "1"]

1. e4 d6 2. Nf3 Nf6 3. Nc3 g6 4. d4 Bg7 5. h3 0-0 6. Be3 Nbd7 7. Qd2 c5 8. dxc5 Nxc5 9. Bxc5 dxc5 10. Bd3 a6 11. a4 b6 12. 0-0 Bb7 13. Qe3 e6 14. Rad1 Qc7 15. Bc4 Rfd8 16. b3 Nh5 17. Ne2 Rxd1 18. Rxd1 Rd8 19. Rxd8+ Qxd8 20. Bd3 Nf6 21. Ng3 Nd7 22. Qe2 Ne5 23. Nxe5 Bxe5 24. Nf1 a5 25. Nd2 Bc7 26. Nf3 Qf6 27. g4 Qf4 28. Qe3 f5 29. Qxf4 Bxf4 30. gxf5 gxf5 31. Ne1 Bxe4 32. Ng2 Bxd3 33. cxd3 Bd2 34. f4 Kf7 35. Kf2 Bc3 36. Kf3 Bd4 37. Ne1 Ke7 38. Nc2 Kd6 39. Na3 Kc6 40. Kg3 Be3 41. Nc4 Bd4 42. Na3 Bf6 43. Nb5 Bd8 44. Kf3 Kd5 45. Ke3 e5 46. Nc3+ Ke6 47. Nb5 h6 48. fxe5 Kxe5 49. Kf3 Bg5 50. Kg3 h5 51. Kf3 h4 52. Kf2 Bc1 53. Kf3 Bh6 54. Kf2 Bg5 55. Kf3 Bc1 56. Kf2 Kf4 57. Nc3 Ke5 58. Nb5 Kd5 59. Kf3 Bg5 60. Kf2 Bf6 61. Kf3 Be5 62. Kf2 c4 63. bxc4+ Kc5 64. Ke3 Kb4 65. d4 Bf6 66. Kf4 Kxc4 67. Kxf5 Bxd4 68. Nxd4 Kxd4 69. Kg4 Kc5 70. Kxh4 b5 0-1

[Event "Bialystok qual"]
[Site "Bialystok"]
[Date "2009.11.07"]
[Round "6"]
[White "Chilkiewicz, Marek"]
[Black "Bobras, Jan"]
[Result "1-0"]
[WhiteElo "1838"]
[BlackElo "1753"]
[PlyCount "147"]
[EventDate "2009.11.07"]
[EventType "swiss"]
[EventRounds "9"]
[EventCountry "POL"]
[SourceTitle "EXT 2012"]
[Source "ChessBase"]
[SourceDate "2011.11.24"]
[SourceVersion "1"]
[SourceVersionDate "2011.11.24"]
[SourceQuality "1"]

1. Nf3 Nf6 2. g3 g6 3. Bg2 Bg7 4. 0-0 0-0 5. c4 c6 6. Nc3 d5 7. cxd5 cxd5 8. d4 e6 9. Bf4 a6 10. Qd2 Nbd7 11. Bh6 Re8 12. Bxg7 Kxg7 13. Ne5 Ng8 14. e4 dxe4 15. Nxe4 Nxe5 16. dxe5 Qxd2 17. Nxd2 Rb8 18. Nc4 b5 19. Nd6 Re7 20. Rac1 Bd7 21. Rc7 b4 22. Rfc1 Bb5 23. Rxe7 Nxe7 24. Rc7 Kf8 25. Bf1 Bxf1 26. Kxf1 Ra8 27. f4 h5 28. Rb7 a5 29. Ke2 Ra6 30. Kd3 Rc6 31. Rb5 Ra6 32. Rb8+ Kg7 33. Rb7 Kf8 34. Kc4 Rc6+ 35. Kb3 Rc5 36. Rb8+ Kg7 37. Ne8+ Kf8 38. Nd6+ Kg7 39. Rb5 Rd5 40. Rb7 Kf8 41. Rb8+ Kg7 42. Ne8+ Kh6 43. Rb7 Nf5 44. Rxf7 Rd2 45. Nf6 Ng7 46. g4 hxg4 47. Nxg4+ Kh7 48. Nf6+ Kh6 49. h4 a4+ 50. Kxb4 Rxb2+ 51. Kxa4 Rxa2+ 52. Kb5 Rc2 53. Ne4 Re2 54. Ng5 Rc2 55. Rf6 Rb2+ 56. Kc6 Rb4 57. Kd7 Rb7+ 58. Kd8 Rb8+ 59. Ke7 Rb7+ 60. Kf8 Rb8+ 61. Kf7 Rb7+ 62. Kg8 Nf5 63. Nxe6 Rb8+ 64. Nf8 Ne7+ 65. Kf7 Rb7 66. Ke6 Kh5 67. Rf7 Kxh4 68. Nxg6+ Nxg6 69. Rxb7 Nxf4+ 70. Kf7 Kh5 71. e6 Ng6 72. Rb5+ Kh6 73. e7 Nh8+ 74. Kf6 1-0

[Event "Bialystok Bieluczyk Memorial-B 1st"]
[Site "Bialystok"]
[Date "2009.06.26"]
[Round "9"]
[White "Wasiluk, Robert"]
[Black "Bobras, Jan"]
[Result "1/2-1/2"]
[WhiteElo "1697"]
[BlackElo "1772"]
[PlyCount "124"]
[EventDate "2009.06.20"]
[EventType "swiss"]
[EventRounds "9"]
[EventCountry "POL"]
[SourceTitle "EXT 2012"]
[Source "ChessBase"]
[SourceDate "2011.11.24"]
[SourceVersion "1"]
[SourceVersionDate "2011.11.24"]
[SourceQuality "1"]

1. d4 d5 2. c4 c6 3. e3 g6 4. Nc3 Nf6 5. Nf3 Bg7 6. Be2 0-0 7. 0-0 Nbd7 8. cxd5 cxd5 9. b3 a6 10. a4 Re8 11. Bb2 e6 12. Rc1 Nb8 13. b4 b6 14. b5 a5 15. Ne5 Bb7 16. Qb3 Nfd7 17. f4 Nxe5 18. fxe5 Nd7 19. Bf3 f5 20. Nxd5 Bxd5 21. Bxd5 exd5 22. Qxd5+ Kh8 23. e6 Nf8 24. Qxd8 Raxd8 25. Rc6 Rxe6 26. Rxe6 Nxe6 27. Rc1 Nxd4 28. Bxd4 Bxd4 29. exd4 Rxd4 30. Rc6 Rxa4 31. Rxb6 Rb4 32. Rb7 a4 33. b6 a3 34. Ra7 Rxb6 35. Rxa3 Kg7 36. Kf2 g5 37. h3 h5 38. Kf3 h4 39. g3 hxg3 40. Kxg3 Kg6 41. Rc3 Kh5 42. Rc8 Rb3+ 43. Kg2 f4 44. Rh8+ Kg6 45. Rf8 Rb2+ 46. Kg1 Rb7 47. h4 Rf7 48. Rxf7 Kxf7 49. hxg5 Kg6 50. Kf2 Kxg5 51. Kf3 Kf5 52. Kf2 Ke4 53. Ke2 f3+ 54. Kf2 Kf4 55. Kf1 Ke5 56. Ke1 Ke4 57. Kf2 Kf4 58. Kf1 Kf5 59. Kf2 Kg4 60. Kf1 Kg3 61. Kg1 Kh3 62. Kf2 Kg4 1/2-1/2

[Event "Rowy Veterans 14th"]
[Site "Rowy"]
[Date "2008.09.04"]
[Round "7.15"]
[White "Bobras, Jan"]
[Black "Grabarczyk, Edmund"]
[Result "1-0"]
[WhiteElo "1825"]
[BlackElo "1589"]
[PlyCount "90"]
[EventDate "2008.08.30"]
[EventType "swiss"]
[EventRounds "9"]
[EventCountry "POL"]
[SourceTitle "EXT 2023"]
[Source "ChessBase"]
[SourceDate "2022.10.05"]
[SourceVersion "1"]
[SourceVersionDate "2022.10.05"]
[SourceQuality "1"]

1. e4 c5 2. Nc3 g6 3. Bc4 Bg7 4. Qf3 e6 5. Nge2 Nc6 6. Ng3 Nf6 7. Qe2 Nd4 8. Qd1 Qc7 9. d3 a6 10. a3 Rb8 11. Nce2 d5 12. exd5 exd5 13. Bf4 Qe7 14. Bxb8 dxc4 15. 0-0 Bg4 16. Qd2 Nxe2+ 17. Nxe2 0-0 18. f3 cxd3 19. Nc3 c4 20. Bg3 Bf5 21. Rfe1 Qd7 22. Ne4 Qd4+ 23. Bf2 Qxb2 24. c3 Qxd2 25. Nxd2 Nd5 26. Bd4 Bxd4+ 27. cxd4 c3 28. Re5 Nf4 29. Ne4 Ne2+ 30. Kf2 f6 31. Rc5 Bxe4 32. fxe4 c2 33. Ke3 c1Q+ 34. Raxc1 Nxc1 35. Rxc1 b5 36. Kxd3 Rb8 37. Rc6 a5 38. Rxf6 b4 39. axb4 Rxb4 40. Kc3 Ra4 41. Rf2 Ra1 42. d5 a4 43. d6 a3 44. d7 Rc1+ 45. Rc2 Rd1 1-0

[Event "Rowy Veterans 14th"]
[Site "Rowy"]
[Date "2008.08.30"]
[Round "1.10"]
[White "Cylwik, Zbigniew"]
[Black "Bobras, Jan"]
[Result "0-1"]
[WhiteElo "2089"]
[BlackElo "1825"]
[PlyCount "78"]
[EventDate "2008.08.30"]
[EventType "swiss"]
[EventRounds "9"]
[EventCountry "POL"]
[SourceTitle "EXT 2023"]
[Source "ChessBase"]
[SourceDate "2022.10.05"]
[SourceVersion "1"]
[SourceVersionDate "2022.10.05"]
[SourceQuality "1"]

1. d4 d5 2. Nf3 g6 3. Bf4 Bg7 4. e3 Nf6 5. Be2 0-0 6. Nbd2 Nc6 7. h3 a5 8. 0-0 Ne4 9. c4 e6 10. Rc1 a4 11. Qc2 Nxd2 12. Qxd2 Re8 13. Rfd1 Ne7 14. Bg5 c6 15. c5 b5 16. cxb6 Qxb6 17. Rc2 f6 18. Bf4 Bd7 19. Bd6 Nf5 20. Bc5 Qc7 21. Ne1 Nd6 22. Bd3 f5 23. f4 Ne4 24. Qe2 Nxc5 25. Rxc5 Bf8 26. Rc2 Qb6 27. Rdc1 Rec8 28. Nf3 c5 29. Ne5 Be8 30. dxc5 Rxc5 31. Kf2 Rac8 32. g4 Rxc2 33. Rxc2 Rxc2 34. Qxc2 d4 35. exd4 Qxd4+ 36. Kf3 Bd6 37. Qe2 g5 38. fxg5 Qd5+ 39. Kf4 Bxe5+ 0-1

[Event "Bialystok Zamenhof Memorial-A"]
[Site "Bialystok"]
[Date "2007.12.29"]
[Round "6.8"]
[White "Strojek, Kazimierz"]
[Black "Bobras, Jan"]
[Result "1-0"]
[WhiteElo "1918"]
[BlackElo "1856"]
[PlyCount "86"]
[EventDate "2007.12.27"]
[EventType "swiss"]
[EventRounds "9"]
[EventCountry "POL"]
[SourceTitle "EXT 2023"]
[Source "ChessBase"]
[SourceDate "2022.10.05"]
[SourceVersion "1"]
[SourceVersionDate "2022.10.05"]
[SourceQuality "1"]

1. e4 c5 2. Nc3 d6 3. d3 Nc6 4. g3 g6 5. Bg2 Bg7 6. Nd5 Nf6 7. Nf4 Bg4 8. f3 Bd7 9. c3 0-0 10. Be3 a5 11. g4 b5 12. Qd2 b4 13. h4 bxc3 14. bxc3 e5 15. Nfe2 h5 16. Bg5 Ne7 17. Bxf6 Bxf6 18. gxh5 Nc6 19. Ng3 Bxh4 20. N1e2 g5 21. 0-0 Qc8 22. Kh2 f6 23. Rab1 Kg7 24. Rb6 Qc7 25. Rfb1 Rfb8 26. Qb2 Kh6 27. Bh3 Bxh3 28. Kxh3 Bxg3 29. Nxg3 Rxb6 30. Qxb6 Qd7+ 31. Nf5+ Kh7 32. Qb7 Ra7 33. Qxd7+ Rxd7 34. Rb6 Nd8 35. Kg4 Nf7 36. Kg3 d5 37. Rxf6 dxe4 38. dxe4 Nd8 39. Ne3 Rd2 40. a3 Ra2 41. Nc4 Rc2 42. Nxe5 Rxc3 43. Rd6 c4 1-0